000 00577nam a2200193Ia 4500
005 20250508152451.0
008 008 250505s9999 xx 000 0 eng d
037 _aTextual
040 _aFEDL
_beng
_cFEDL
041 _aeng
_2eng
084 _a372, WIL
_qFEDL
100 _aWillsher Betty
_9761546
245 0 _aSchool before five: A book for all mothers with children of four or under
260 _aLondon, UK
_bFaber and Faber Limited
_c1959
300 _a141p.
650 _aElementary Education
942 _cTEXL
_h372, WIL
999 _c1336605
_d1336605